Statistiken für Bilder nach Buchstabe - T

Klicken Sie hier um das Quiz zu spielen!

Allgemein

  • Dieses Quiz wurde 897 mal gespielt
  • Das Durchschnittsergebnis liegt bei 12 aus 16

Antwortstatistiken

Answer % Korrekt
Tunnel
96%
Tulpe
96%
Titanic
94%
Taube
94%
Tipi
91%
Trabi
89%
Thor
89%
Tiramisu
87%
Troll
86%
Trojaner
82%
Toskana
72%
Toronto
70%
Terrakotta
53%
Tiara
46%
Türkis
39%
Trilobit
21%

Verteilung der Resultate

Perzentil nach korrekt beantworteten Fragen

Anzahl Personen mit jedem Resultat

Ihre Resultats-Entwicklung

Sie haben dieses Quiz noch nicht gespielt